Risultati dell'Italia agli Europei - Francia 2016 - Statistics

Statistiche generali
  • Questo quiz è stato fatto 23 volte
  • Il punteggio medio è 4 su 5
Statistiche sulle risposte
Hint Risposta % Corretto
Germania - Italia 7-6 (d.c.r.) (1-1)
95%
Italia - Svezia 1-0
86%
Italia - Irlanda 0-1
77%
Italia - Spagna 2-0
77%
Belgio - Italia 2-0
64%
Nessun quiz corrispondente trovato
Distribuzione punteggi
Percentuale di utenti per punteggio
Percentile per numero di risposta
I tuoi punteggi nel tempo
Non hai fatto questo quiz